[Event "Open B Carnevale"]
[Site "Milano ITA"]
[Date "2015.02.21"]
[Round "4"]
[White "Marcuzzo, Stefano"]
[Black "Fantina, Carla"]
[WhiteElo "1582"]
[BlackElo "1340"]
[Result "1/2-1/2"]
[PlyCount "183"]
[EventDate "2015.02.18"]

1. e4 d6 2. d4 Nf6 3. Nc3 g6 4. f4 Bg7 5. Nf3 c6 6. Bd3 O-O 7. O-O Qb6 8. Kh1
Nbd7 9. e5 dxe5 10. dxe5 Nd5 11. Nxd5 cxd5 12. Qe2 e6 13. c3 Qc7 14. Nd4 a6 15.
Be3 Nc5 16. Nf3 Nxd3 17. Qxd3 Bd7 18. Nd4 f5 19. Qd1 b5 20. h4 h5 21. Qd2 Rfe8
22. Rac1 Bf8 23. b4 Be7 24. g3 a5 25. Nb3 a4 26. Nd4 Qb7 27. Nf3 Rad8 28. Kh2
Bc6 29. Bd4 a3 30. Ne1 Qa6 31. Qc2 Rc8 32. Nd3 Bb7 33. Qb3 Rc4 34. Bc5 Bd8 35.
Rfe1 Bc7 36. Bd4 Ra8 37. Nc5 Qc6 38. Be3 Bb6 39. Nd3 Bxe3 40. Rxe3 d4 41. Re2
Rxc3 42. Qd1 Rc8 43. Nc5 Rxc1 44. Qxc1 Qd5 45. Qd1 Bc6 46. Rc2 Rd8 47. Nd3 Qf3
48. Qxf3 Bxf3 49. Kg1 Be4 50. Rd2 Bxd3 51. Rxd3 Rc8 52. Rxd4 Rc1+ 53. Kf2 Rc2+
54. Ke1 Rxa2 55. Rd3 Ra1+ 56. Ke2 a2 57. Ra3 Kf7 58. Kd2 Rb1 59. Rxa2 Rxb4 60.
Ra6 Rb3 61. Rb6 Rxg3 62. Rxb5 Rg4 63. Rb7+ Kg8 64. Re7 Rxf4 65. Rxe6 Kf7 66.
Rf6+ Kg7 67. Rd6 Rxh4 68. e6 Re4 69. Rd7+ Kf6 70. Rf7+ Kxe6 71. Ra7 Kf6 72.
Ra6+ Kg5 73. Ra3 h4 74. Ra1 Rg4 75. Ke3 h3 76. Kf3 Rg2 77. Rh1 Kh4 78. Ra1 Rg4
79. Ra6 Kg5 80. Ra1 Rc4 81. Rg1+ Kf6 82. Ra1 Rc6 83. Kg3 Rc3+ 84. Kf2 Ke5 85.
Re1+ Kf4 86. Ra1 Rc4 87. Ra3 h2 88. Kg2 Rc2+ 89. Kh1 g5 90. Rf3+ Kg4 91. Rg3+
Kh4 92. Rh3+ 1/2-1/2

[Event "Open B Carnevale"]
[Site "Milano ITA"]
[Date "2015.02.21"]
[Round "4"]
[White "Montaruli, Beatrice"]
[Black "Vece, Luigi"]
[WhiteElo "1506"]
[BlackElo "1614"]
[Result "0-1"]
[PlyCount "94"]
[EventDate "2015.02.18"]

1. e4 c5 2. Nc3 Nc6 3. f4 d6 4. Nf3 g6 5. d4 cxd4 6. Nxd4 Bg7 7. Be3 Qb6 8. Nf5
Bxc3+ 9. bxc3 Qa5 10. Bd4 f6 11. Ng3 e5 12. fxe5 dxe5 13. Be3 Qxc3+ 14. Bd2 Qc5
15. Bd3 Be6 16. Nf1 Qd6 17. Ne3 Rd8 18. O-O a6 19. Bc3 Qe7 20. Qf3 b5 21. Nd5
Bxd5 22. exd5 Nb8 23. Qf2 Rxd5 24. Rae1 Qc5 25. Qxc5 Rxc5 26. Bb4 Rd5 27. Be4
Rd4 28. c3 Rd7 29. Re3 Kd8 30. Ba5+ Ke7 31. Bb4+ Ke6 32. Bc2 f5 33. Bb3+ Kf6
34. Ref3 Ne7 35. g4 f4 36. h4 g5 37. h5 Nd5 38. Bxd5 Rxd5 39. Re1 Rhd8 40. Rf2
Rd1 41. Rxd1 Rxd1+ 42. Kg2 e4 43. Bc5 Nc6 44. a3 Ne5 45. Bd4 Ke6 46. Kh3 e3 47.
Re2 Nf3 0-1

[Event "Open B Carnevale"]
[Site "Milano ITA"]
[Date "2015.02.21"]
[Round "4"]
[White "Pasini, Nicolo'"]
[Black "Bossoni, Alessandra"]
[WhiteElo "1748"]
[BlackElo "1483"]
[Result "1-0"]
[PlyCount "69"]
[EventDate "2015.02.18"]

1. e4 d6 2. d4 Nf6 3. Nc3 g6 4. Be2 Nc6 5. g4 e5 6. g5 Nd7 7. dxe5 Ndxe5 8. f4
Nd7 9. Be3 Bg7 10. Qd2 b6 11. h4 Bb7 12. h5 Qe7 13. Nd5 Qd8 14. h6 Bf8 15. Bb5
a6 16. Bxc6 Bxc6 17. Qc3 Bxd5 18. Qxh8 Bxe4 19. Rh2 f6 20. Qxh7 Qe7 21. Qxe7+
Kxe7 22. O-O-O Kf7 23. Re1 Bd5 24. Bd4 c5 25. Bc3 b5 26. b3 b4 27. Bb2 c4 28.
Rd2 Be6 29. Rde2 Re8 30. bxc4 fxg5 31. fxg5 Nc5 32. h7 Bg7 33. Bxg7 Kxg7 34.
Nf3 Kxh7 35. Nd4 1-0

[Event "Open B Carnevale"]
[Site "Milano ITA"]
[Date "2015.02.21"]
[Round "4"]
[White "Pipitone, Filippo Massimo"]
[Black "Invernizzi, Ferruccio"]
[WhiteElo "1545"]
[BlackElo "1586"]
[Result "1/2-1/2"]
[PlyCount "96"]
[EventDate "2015.02.18"]

1. d4 d6 2. c4 e5 3. Nc3 exd4 4. Qxd4 Nc6 5. Qd2 g6 6. b3 Bg7 7. Bb2 Nf6 8. g3
O-O 9. Bg2 Bd7 10. Nf3 Rb8 11. O-O Qc8 12. Rac1 Bh3 13. Rfd1 Bxg2 14. Kxg2 Qe6
15. Nb5 Rbc8 16. Re1 a6 17. Nc3 Rfe8 18. e3 Ne4 19. Qe2 Nxc3 20. Bxc3 Qe4 21.
Bxg7 Kxg7 22. Rcd1 Re7 23. Kg1 Rce8 24. Nd2 Qe6 25. Nf3 Ne5 26. Ng5 Qf6 27. f4
Nc6 28. Qd3 h6 29. Nf3 Qe6 30. Kg2 Qe4 31. Qc3+ f6 32. Kf2 b6 33. Nd4 Nxd4 34.
exd4 Qf5 35. Rxe7+ Rxe7 36. Re1 Rxe1 37. Qxe1 Kf7 38. d5 g5 39. Qe3 Qh3 40. Kg1
Qg4 41. Kg2 h5 42. Qf3 Qxf3+ 43. Kxf3 g4+ 44. Ke4 Kg6 45. b4 f5+ 46. Kd4 h4 47.
a4 hxg3 48. hxg3 Kf6 1/2-1/2

[Event "Open B Carnevale"]
[Site "Milano ITA"]
[Date "2015.02.21"]
[Round "4"]
[White "Poletto, Daniele"]
[Black "Bonghi, Fabrizio"]
[WhiteElo "1715"]
[BlackElo "1518"]
[Result "1-0"]
[PlyCount "51"]
[EventDate "2015.02.18"]

1. c4 e6 2. Nf3 Nf6 3. g3 c5 4. Bg2 Nc6 5. Nc3 Ne7 6. d4 cxd4 7. Nxd4 d5 8. O-O
Ng6 9. cxd5 exd5 10. Qb3 Be6 11. Qxb7 Bc5 12. Qc6+ Nd7 13. Nxe6 fxe6 14. Qxe6+
Qe7 15. Qxe7+ Nxe7 16. Nxd5 Rd8 17. Bg5 Ne5 18. Bxe7 Bxe7 19. Nxe7 Kxe7 20.
Rfd1 Rhe8 21. Rac1 Kf8 22. e4 Rb8 23. b3 Kg8 24. Rc7 a6 25. f4 Ng4 26. Rdd7 1-0

[Event "Open B Carnevale"]
[Site "Milano ITA"]
[Date "2015.02.21"]
[Round "4"]
[White "Zecchini, Diego"]
[Black "Meharunkar, Prabhav"]
[WhiteElo "1530"]
[BlackElo "1530"]
[Result "1-0"]
[PlyCount "93"]
[EventDate "2015.02.18"]

1. d4 Nf6 2. c4 e6 3. Nc3 Bb4 4. Qc2 Bxc3+ 5. Qxc3 d5 6. Nf3 Nc6 7. Bg5 h6 8.
Bh4 g5 9. Bg3 Qe7 10. e3 Ne4 11. Qc2 Nxg3 12. hxg3 Bd7 13. Be2 O-O-O 14. cxd5
exd5 15. O-O h5 16. Rfc1 Be6 17. a3 h4 18. gxh4 gxh4 19. Nh2 h3 20. g3 Qd6 21.
Bg4 Bxg4 22. Nxg4 Rhg8 23. Qf5+ Kb8 24. Kh2 Rh8 25. Ne5 Nxe5 26. dxe5 Qe6 27.
Qxe6 fxe6 28. f4 d4 29. exd4 Rxd4 30. Rd1 Rxd1 31. Rxd1 b6 32. Rd7 Rh6 33. Rg7
Kb7 34. Rg4 Kc6 35. Rh4 Rxh4 36. gxh4 Kd7 37. Kxh3 Ke7 38. Kg4 Kf7 39. Kg5 Kg7
40. h5 Kh7 41. f5 exf5 42. Kxf5 c5 43. e6 c4 44. e7 c3 45. bxc3 Kg7 46. e8=Q
Kh6 47. Qg6# 1-0

[Event "Open B Carnevale"]
[Site "Milano ITA"]
[Date "2015.02.22"]
[Round "5"]
[White "Alidosi, Marco"]
[Black "Izzo, Riccardo"]
[WhiteElo "1743"]
[BlackElo "1683"]
[Result "1/2-1/2"]
[PlyCount "51"]
[EventDate "2015.02.18"]

1. d4 d5 2. Bf4 Bf5 3. e3 Nf6 4. Nd2 e6 5. Ngf3 Nbd7 6. Bd3 Bxd3 7. cxd3 c6 8.
Qb3 Qb6 9. O-O Be7 10. h3 O-O 11. Rfc1 c5 12. dxc5 Bxc5 13. d4 Qxb3 14. Nxb3
Bb6 15. Rc2 Rfc8 16. Rac1 Rxc2 17. Rxc2 Ne4 18. Nbd2 Nef6 19. Ne5 Kf8 20. Nxd7+
Nxd7 21. Bd6+ Ke8 22. b4 Bd8 23. Nb3 Be7 24. Bxe7 Kxe7 25. Na5 b6 26. Nb3
1/2-1/2

[Event "Open B Carnevale"]
[Site "Milano ITA"]
[Date "2015.02.22"]
[Round "5"]
[White "Biava, Pierluigi"]
[Black "Colica, Daniele"]
[WhiteElo "1618"]
[BlackElo "1657"]
[Result "0-1"]
[PlyCount "88"]
[EventDate "2015.02.18"]

1. d4 Nf6 2. Nf3 e6 3. c4 Bb4+ 4. Nc3 O-O 5. a3 Bxc3+ 6. bxc3 c5 7. g3 b6 8.
Bg2 Bb7 9. Bg5 h6 10. Bf4 d6 11. O-O Nh5 12. Be3 Qc7 13. Qd2 Nc6 14. Bxh6 f5
15. Be3 e5 16. Ng5 Nd8 17. Bd5+ Bxd5 18. cxd5 f4 19. Qd3 Nf6 20. gxf4 e4 21.
Nxe4 Nxe4 22. Qxe4 Nf7 23. Kh1 Rae8 24. Qg6 Nh6 25. Rg1 Nf5 26. Rg5 cxd4 27.
Rxf5 dxe3 28. Rxf8+ Rxf8 29. Qe6+ Rf7 30. Qe8+ Kh7 31. Qxe3 Re7 32. Qd3+ Kg8
33. e3 Qd7 34. Qg6 Qb5 35. Qxd6 Rd7 36. Qe6+ Kf8 37. Qf5+ Kg8 38. Qe6+ Kh8 39.
Qh3+ Kg8 40. e4 Rd6 41. Rg1 Qe2 42. Qe3 Qh5 43. Qd4 Qf3+ 44. Rg2 Rg6 0-1

[Event "Open B Carnevale"]
[Site "Milano ITA"]
[Date "2015.02.22"]
[Round "5"]
[White "Bonghi, Fabrizio"]
[Black "Marcuzzo, Stefano"]
[WhiteElo "1518"]
[BlackElo "1582"]
[Result "0-1"]
[PlyCount "55"]
[EventDate "2015.02.18"]

1. f4 d5 2. Nf3 Nc6 3. e3 Nf6 4. d4 Bd7 5. Be2 e6 6. O-O Be7 7. c4 O-O 8. c5 b6
9. cxb6 cxb6 10. Ne5 Ne4 11. Nd2 f5 12. Nxe4 fxe4 13. Bd2 Nxe5 14. fxe5 Rc8 15.
Bc3 Bg5 16. Qd2 a5 17. a3 Qe8 18. b4 a4 19. Rxf8+ Qxf8 20. Rf1 Qe8 21. Bb2 Qg6
22. Rc1 Rd8 23. Rc7 Qh6 24. Bc1 b5 25. Qc3 g6 26. Rb7 Rc8 27. Qd2 Rxc1+ 28.
Qxc1 0-1

[Event "Open B Carnevale"]
[Site "Milano ITA"]
[Date "2015.02.22"]
[Round "5"]
[White "Cagnotto, Marco"]
[Black "Zecchini, Diego"]
[WhiteElo "1686"]
[BlackElo "1530"]
[Result "1/2-1/2"]
[PlyCount "89"]
[EventDate "2015.02.18"]

1. e4 c5 2. Nc3 Nc6 3. g3 g6 4. Bg2 Bg7 5. Nge2 e6 6. d3 Nge7 7. O-O O-O 8. Bg5
h6 9. Be3 b6 10. Qd2 Kh7 11. f4 Bb7 12. g4 Qc7 13. f5 f6 14. fxg6+ Nxg6 15. Ng3
Nce5 16. Bh3 Nh4 17. Qe2 Rh8 18. Nh5 Raf8 19. Nxg7 Kxg7 20. Rf2 Kf7 21. Raf1
Ke7 22. Bf4 Nhg6 23. Bg3 Qd8 24. Nd1 Rf7 25. Ne3 Qf8 26. Nc4 Rhh7 27. Nxe5 fxe5
28. Rxf7+ Rxf7 29. Rxf7+ Qxf7 30. Qf2 Nf4 31. Bxf4 exf4 32. Qh4+ Qf6 33. Qxf6+
Kxf6 34. Bg2 e5 35. h4 d6 36. Kf2 Bc8 37. Bh3 Kg6 38. Kf3 a5 39. Bf1 Be6 40. a3
Bd7 41. c3 Ba4 42. d4 Bd1+ 43. Be2 Bc2 44. dxe5 dxe5 45. Bc4 1/2-1/2

[Event "Open B Carnevale"]
[Site "Milano ITA"]
[Date "2015.02.22"]
[Round "5"]
[White "Casamassima, Paolo"]
[Black "Poletto, Daniele"]
[WhiteElo "1683"]
[BlackElo "1715"]
[Result "1-0"]
[PlyCount "129"]
[EventDate "2015.02.18"]

1. d4 Nf6 2. c4 g6 3. Nc3 Bg7 4. e4 d6 5. Nf3 O-O 6. Be2 e5 7. d5 a5 8. O-O Na6
9. h3 h6 10. Be3 Qe8 11. a3 Bd7 12. Qc2 Kh7 13. Rac1 Nh5 14. Nd2 Nf4 15. Bxf4
exf4 16. Nb3 b6 17. Nb5 f5 18. f3 fxe4 19. fxe4 Qe5 20. Rb1 Qg5 21. Rf3 Rae8
22. Bd3 Qe5 23. Na7 a4 24. Nd2 Nc5 25. Nc6 Bxc6 26. dxc6 Nxd3 27. Rxd3 Qc5+ 28.
Kh1 Qxc6 29. Rd5 Re5 30. Nf3 Rxd5 31. exd5 Qd7 32. Re1 Re8 33. Rf1 Re3 34. Kh2
Qe8 35. Rf2 Rb3 36. Qb1 Qf7 37. Nh4 Qf6 38. Nf3 Rxb2 39. Rxb2 Qxb2 40. Qe4 Qf6
41. Qc2 Qf5 42. Qxa4 g5 43. Qe8 g4 44. hxg4 Qxg4 45. Qf7 h5 46. Qe7 Kh6 47.
Qxc7 Be5 48. Qe7 Qg7 49. Qd8 Qf6 50. Qxb6 h4 51. Qf2 Kh5 52. Qe2 Kh6 53. a4 Qg6
54. Kh1 Qb1+ 55. Kh2 Qb4 56. Qa2 Qa5 57. Qb3 h3 58. Kxh3 Qd8 59. Qb7 Qf6 60.
Qd7 Qh8 61. Qe6+ Kg7+ 62. Kg4 Qh1 63. Nh4 Qd1+ 64. Kg5 Bf6+ 65. Qxf6+ 1-0

[Event "Open B Carnevale"]
[Site "Milano ITA"]
[Date "2015.02.22"]
[Round "5"]
[White "Fantina, Carla"]
[Black "Bossoni, Alessandra"]
[WhiteElo "1340"]
[BlackElo "1483"]
[Result "0-1"]
[PlyCount "118"]
[EventDate "2015.02.18"]

1. c4 d6 2. e4 Nf6 3. Nc3 Nc6 4. d3 e5 5. Be2 g6 6. Nf3 Bg4 7. O-O Bg7 8. h3
Bxf3 9. Bxf3 O-O 10. Be3 Ne7 11. Qd2 Nd7 12. Rad1 f5 13. Bh6 f4 14. Bxg7 Kxg7
15. d4 Qe8 16. dxe5 Nxe5 17. b3 g5 18. Nd5 Nxd5 19. exd5 h5 20. Qc3 Kg8 21.
Rfe1 Rd8 22. Be4 g4 23. f3 Qd7 24. c5 Rf7 25. b4 Rg7 26. Re2 gxh3 27. Qc2 Re8
28. Bf5 Nxf3+ 29. Kh1 Rxe2 30. Qxe2 Rxg2 31. Qxf3 Qxf5 32. Re1 Kf7 33. a4 Rg3
34. Qe4 Qxe4+ 35. Rxe4 f3 36. Rf4+ Ke7 37. Kh2 Rg2+ 38. Kxh3 Rf2 39. Kg3 Rf1
40. Rh4 Kf6 41. Rxh5 Kg6 42. Rh8 Kf5 43. Rc8 Ke4 44. cxd6 cxd6 45. Rc7 Ke3 46.
Rc3+ Ke2 47. Rc2+ Kd3 48. Rc7 Ke4 49. Rxb7 Kxd5 50. Rxa7 Kc4 51. Rb7 d5 52. a5
Ra1 53. Kxf3 d4 54. Ke2 Ra2+ 55. Kd1 Kd3 56. Kc1 Ke2 57. Re7+ Kd3 58. Re6 Kc3
59. a6 Ra1# 0-1

[Event "Open B Carnevale"]
[Site "Milano ITA"]
[Date "2015.02.22"]
[Round "5"]
[White "Iacchetti, Giovanni"]
[Black "Vignati, Andrea"]
[WhiteElo "1668"]
[BlackElo "1574"]
[Result "1/2-1/2"]
[PlyCount "114"]
[EventDate "2015.02.18"]

1. c4 e5 2. g3 Nf6 3. Bg2 Nc6 4. Nc3 Bb4 5. Nd5 Bc5 6. e3 d6 7. Ne2 O-O 8. a3
a5 9. O-O Be6 10. b3 Bxd5 11. cxd5 Ne7 12. Nc3 Bb6 13. Bb2 Qd7 14. Rc1 c6 15.
dxc6 bxc6 16. Re1 Rab8 17. Qc2 d5 18. Na4 Qd6 19. Nxb6 Rxb6 20. Ra1 Rfb8 21. b4
axb4 22. axb4 h6 23. Bc3 c5 24. f4 e4 25. Be5 Qc6 26. Bxb8 Rxb8 27. bxc5 Rb5
28. d4 exd3 29. Qxd3 Rxc5 30. Reb1 Kh8 31. Rb8+ Nfg8 32. h4 Rc3 33. Qd4 Rc1+
34. Rxc1 Qxc1+ 35. Kh2 Nc6 36. Qb2 Qxb2 37. Rxb2 Nf6 38. Rb6 Ne7 39. Bf3 Nf5
40. Rb8+ Kh7 41. Rb7 Nxe3 42. Rxf7 Kg6 43. Ra7 Kf5 44. Rxg7 d4 45. Kg1 Nfg4 46.
Bxg4+ Nxg4 47. Kf1 d3 48. Ke1 h5 49. Kd2 Ke4 50. Re7+ Kf3 51. f5 Kxg3 52. Kxd3
Kxh4 53. Re4 Kg5 54. Ke2 Kxf5 55. Re8 Kg5 56. Rh8 Kh4 57. Rxh5+ Kxh5 1/2-1/2

[Event "Open B Carnevale"]
[Site "Milano ITA"]
[Date "2015.02.22"]
[Round "5"]
[White "Invernizzi, Ferruccio"]
[Black "Calabrese, Maurizio"]
[WhiteElo "1586"]
[BlackElo "1439"]
[Result "1-0"]
[PlyCount "108"]
[EventDate "2015.02.18"]

1. e4 c5 2. d4 cxd4 3. c3 dxc3 4. Nxc3 e6 5. Nf3 Bb4 6. Qd4 Bxc3+ 7. Qxc3 Nf6
8. Bg5 h6 9. Bh4 d6 10. O-O-O d5 11. exd5 exd5 12. Bxf6 gxf6 13. Bb5+ Bd7 14.
Rhe1+ Kf8 15. Rxd5 Nc6 16. Red1 Qb6 17. Qxf6 Kg8 18. Bxc6 Qxc6+ 19. Qxc6 Bxc6
20. Rd8+ Kg7 21. Rxa8 Rxa8 22. Nh4 Rc8 23. Kd2 Be4 24. f3 Rc2+ 25. Ke3 Bg6 26.
Nxg6 fxg6 27. Rd2 Rc7 28. g3 Kf7 29. f4 Ke6 30. Ke4 a6 31. b3 h5 32. a3 b5 33.
h3 Rc3 34. Rd3 Rc1 35. b4 Rh1 36. h4 Rc1 37. Kd4 Rc4+ 38. Ke3 Rc6 39. Kf3 Kf6
40. g4 hxg4+ 41. Kxg4 Ke7 42. Kg5 Re6 43. Rd5 Kf8 44. Rd8+ Ke7 45. Rg8 Kf7 46.
Ra8 Rd6 47. Ra7+ Ke8 48. h5 gxh5 49. Kxh5 Rd5+ 50. Kg6 Rd6+ 51. Kg5 Rd5+ 52. f5
Rd6 53. f6 Rd7 54. Rxd7 Kxd7 1-0

[Event "Open B Carnevale"]
[Site "Milano ITA"]
[Date "2015.02.22"]
[Round "5"]
[White "Vece, Luigi"]
[Black "Pipitone, Filippo Massimo"]
[WhiteElo "1614"]
[BlackElo "1545"]
[Result "1/2-1/2"]
[PlyCount "56"]
[EventDate "2015.02.18"]

1. e4 c5 2. Nf3 e6 3. d4 cxd4 4. Nxd4 a6 5. c4 Nf6 6. Bd3 Qc7 7. O-O d6 8. Nc3
Nbd7 9. Bg5 Be7 10. Rc1 b6 11. f4 Bb7 12. b4 Rc8 13. Qe2 O-O 14. f5 e5 15. Nb3
Rfe8 16. Bxf6 Nxf6 17. Nd5 Qd8 18. Nxf6+ Bxf6 19. c5 b5 20. Na5 Ba8 21. cxd6
Qxd6 22. a3 Bg5 23. Rc2 Red8 24. Rd1 Qd4+ 25. Kf1 Rxc2 26. Bxc2 Qc3 27. Rxd8+
Bxd8 28. Nb3 Bb6 1/2-1/2

[Event "Open B Carnevale"]
[Site "Milano ITA"]
[Date "2015.02.22"]
[Round "6"]
[White "Alidosi, Marco"]
[Black "Casamassima, Paolo"]
[WhiteElo "1743"]
[BlackElo "1683"]
[Result "1-0"]
[PlyCount "57"]
[EventDate "2015.02.18"]

1. d4 Nf6 2. Nf3 e6 3. Bf4 d5 4. e3 Bd6 5. Bg3 Ne4 6. Bd3 Nxg3 7. hxg3 h6 8.
Nbd2 Nd7 9. Rc1 c6 10. c4 Bb4 11. a3 Ba5 12. O-O Nf6 13. b4 Bc7 14. Ne5 Bxe5
15. dxe5 Nd7 16. f4 O-O 17. cxd5 exd5 18. Nf3 Qb6 19. Nd4 c5 20. bxc5 Nxc5 21.
Bb1 Ne4 22. Bxe4 dxe4 23. Qh5 f5 24. Rc3 Kh7 25. Rfc1 g6 26. Rc7+ Kg8 27. Qxh6
Rf7 28. Rxc8+ Rxc8 29. Rxc8+ 1-0

[Event "Open B Carnevale"]
[Site "Milano ITA"]
[Date "2015.02.22"]
[Round "6"]
[White "Calabrese, Maurizio"]
[Black "Bonghi, Fabrizio"]
[WhiteElo "1439"]
[BlackElo "1518"]
[Result "1-0"]
[PlyCount "75"]
[EventDate "2015.02.18"]

1. e4 c5 2. d4 cxd4 3. c3 dxc3 4. Nxc3 d6 5. Nf3 Nc6 6. Be3 Nf6 7. Be2 g6 8.
O-O Bg7 9. Qd2 O-O 10. Bh6 a6 11. Bxg7 Kxg7 12. Nd4 e5 13. Nxc6 bxc6 14. f3 Be6
15. h3 d5 16. Qe1 d4 17. Nd1 c5 18. g4 c4 19. Nf2 d3 20. Bd1 Qb6 21. Qc3 Nd7
22. Kg2 Qc7 23. g5 Nb6 24. Ng4 Bxg4 25. hxg4 Rfd8 26. Qe1 d2 27. Qh4 Rh8 28.
Qh6+ Kg8 29. Rf2 c3 30. bxc3 Qxc3 31. Bb3 Qxa1 32. Rxd2 Qc3 33. Rc2 Qe3 34.
Bxf7+ Kxf7 35. Rc7+ Ke8 36. Qg7 Qd2+ 37. Kh3 Nd7 38. Qxh8+ 1-0

[Event "Open B Carnevale"]
[Site "Milano ITA"]
[Date "2015.02.22"]
[Round "6"]
[White "Carli, Federico"]
[Black "Invernizzi, Ferruccio"]
[WhiteElo "1663"]
[BlackElo "1586"]
[Result "0-1"]
[PlyCount "41"]
[EventDate "2015.02.18"]

1. e4 d6 2. d4 Nf6 3. Bd3 g6 4. Nf3 Bg7 5. O-O O-O 6. c3 c6 7. h3 Qc7 8. Be3
Nbd7 9. Na3 b5 10. Nc2 e5 11. a4 exd4 12. Ncxd4 bxa4 13. Qxa4 Nc5 14. Qc2 Nxd3
15. Qxd3 Re8 16. Nd2 a5 17. f3 Ba6 18. c4 d5 19. exd5 cxd5 20. Nb5 Bxb5 21.
cxb5 {phone default} 0-1

[Event "Open B Carnevale"]
[Site "Milano ITA"]
[Date "2015.02.22"]
[Round "6"]
[White "Izzo, Riccardo"]
[Black "Colica, Daniele"]
[WhiteElo "1683"]
[BlackElo "1657"]
[Result "1-0"]
[PlyCount "47"]
[EventDate "2015.02.18"]

1. d4 Nf6 2. Bg5 c5 3. Bxf6 gxf6 4. dxc5 e5 5. e3 Bxc5 6. Nc3 Bb4 7. Nge2 d5 8.
a3 Bxc3+ 9. Nxc3 Be6 10. Bb5+ Nc6 11. Qf3 O-O 12. O-O-O e4 13. Nxe4 f5 14. Qg3+
Kh8 15. Bxc6 fxe4 16. Qe5+ Kg8 17. Bxd5 Qa5 18. Qg5+ Kh8 19. Qf6+ Kg8 20. Bxe6
fxe6 21. Qxe6+ Kh8 22. Qxe4 Rxf2 23. Rd7 Qg5 24. Qxh7# 1-0

[Event "Open B Carnevale"]
[Site "Milano ITA"]
[Date "2015.02.22"]
[Round "6"]
[White "Marcuzzo, Stefano"]
[Black "Pasini, Nicolo'"]
[WhiteElo "1582"]
[BlackElo "1748"]
[Result "0-1"]
[PlyCount "94"]
[EventDate "2015.02.18"]

1. e4 c5 2. Nf3 a6 3. d4 cxd4 4. Nxd4 Nf6 5. Nc3 e5 6. Nf3 Bb4 7. Bd2 Nc6 8.
Bd3 d5 9. exd5 Nxd5 10. Ne4 O-O 11. Bxb4 Ndxb4 12. Nc3 Nxd3+ 13. Qxd3 Qxd3 14.
cxd3 Nb4 15. O-O-O Bf5 16. Nxe5 f6 17. a3 fxe5 18. axb4 Rad8 19. Rd2 Rxd3 20.
Re1 e4 21. Nxe4 Rxd2 22. Kxd2 Bxe4 23. Rxe4 Rxf2+ 24. Re2 Rxe2+ 25. Kxe2 Kf7
26. Kf3 Ke6 27. Ke4 Kd6 28. Kd4 Kc6 29. Kc4 Kb6 30. Kd4 Kb5 31. Kc3 Ka4 32. Kc4
b6 33. b5 axb5+ 34. Kc3 b4+ 35. Kc4 b5+ 36. Kc5 Kb3 37. Kxb5 Kxb2 38. Kxb4 Kc2
39. Kc5 Kd2 40. Kd6 Ke2 41. Ke7 Kf2 42. Kf7 Kxg2 43. Kxg7 h5 44. Kg6 h4 45. Kg5
h3 46. Kg4 Kxh2 47. Kf3 Kg1 0-1

[Event "Open B Carnevale"]
[Site "Milano ITA"]
[Date "2015.02.22"]
[Round "6"]
[White "Meharunkar, Prabhav"]
[Black "Fantina, Carla"]
[WhiteElo "1530"]
[BlackElo "1340"]
[Result "0-1"]
[PlyCount "138"]
[EventDate "2015.02.18"]

1. e4 d6 2. d4 Nf6 3. Nc3 g6 4. Nf3 Bg7 5. Bc4 O-O 6. O-O Nxe4 7. Nxe4 d5 8.
Bd3 dxe4 9. Bxe4 c6 10. Re1 Bg4 11. c3 Nd7 12. h3 Bxf3 13. Qxf3 Nf6 14. Bf4 Nh5
15. Rad1 Nxf4 16. Qxf4 e6 17. Bf3 Qb6 18. b4 a5 19. a3 axb4 20. axb4 Ra3 21.
Qe3 Rfa8 22. Be4 R8a4 23. Rb1 Ra2 24. Bf3 R4a3 25. Re2 Ra1 26. Rxa1 Rxa1+ 27.
Re1 Ra3 28. Bg4 Ra8 29. Qd3 h5 30. Bf3 Qd8 31. Rd1 Qc7 32. c4 Bf6 33. d5 cxd5
34. cxd5 Rd8 35. d6 Qb6 36. b5 Be5 37. Qe4 Qxb5 38. Qxb7 Qxb7 39. Bxb7 Bxd6 40.
Kf1 Kg7 41. Ke2 Kf6 42. Kf3 Ke7 43. Ke4 Rb8 44. Rb1 f5+ 45. Kf3 e5 46. Ke3 Bc5+
47. Kd3 Bxf2 48. Ke2 Bd4 49. Kd3 Rd8 50. Bc6 Kd6 51. Bb5 Kc5 52. Bc4 e4+ 53.
Ke2 Kxc4 54. Rd1 Rb8 55. Rc1+ Bc3 56. Ke3 Rb3 57. Ke2 Kb4 58. Rd1 Rb2+ 59. Ke3
Rxg2 60. Rb1+ Kc4 61. Rh1 Bd4+ 62. Kf4 e3 63. Kf3 Rf2+ 64. Kg3 Be5+ 65. Kh4 e2
66. Rc1+ Bc3 67. Kg3 Rf1 68. Rxf1 exf1=Q 69. Kh4 Qf4# 0-1

[Event "Open B Carnevale"]
[Site "Milano ITA"]
[Date "2015.02.22"]
[Round "6"]
[White "Pipitone, Filippo Massimo"]
[Black "Biava, Pierluigi"]
[WhiteElo "1545"]
[BlackElo "1618"]
[Result "1-0"]
[PlyCount "59"]
[EventDate "2015.02.18"]

1. d4 Nf6 2. Nf3 d5 3. e3 e6 4. Bd3 Nbd7 5. b3 c5 6. O-O Bd6 7. Bb2 Qc7 8. dxc5
Nxc5 9. Bb5+ Ke7 10. Qd4 a6 11. Be2 Bd7 12. Nbd2 Bc6 13. c4 dxc4 14. Bxc4 Rad8
15. Qh4 h6 16. Rfd1 g5 17. Bxf6+ Kxf6 18. Qd4+ Ke7 19. Qc3 b5 20. Be2 Rhg8 21.
g3 e5 22. Rac1 Rc8 23. Nxe5 Bb7 24. Ng4 Rg6 25. Qd4 f5 26. Nxh6 Be5 27. Nxf5+
Ke6 28. Qg4 Kf6 29. b4 Qd6 30. Nxd6 1-0

[Event "Open B Carnevale"]
[Site "Milano ITA"]
[Date "2015.02.22"]
[Round "6"]
[White "Vignati, Andrea"]
[Black "Montaruli, Beatrice"]
[WhiteElo "1574"]
[BlackElo "1506"]
[Result "1/2-1/2"]
[PlyCount "94"]
[EventDate "2015.02.18"]

1. e4 e5 2. Nf3 Nc6 3. Bc4 Bc5 4. Nc3 Nf6 5. d3 d6 6. Bg5 h6 7. Be3 Bb6 8. O-O
Bg4 9. h3 Bh5 10. Bb3 O-O 11. a3 Nd4 12. Bxd4 Bxd4 13. Qe2 Re8 14. Rfe1 c6 15.
Nd1 Bb6 16. Ne3 Rc8 17. Nc4 Bc7 18. Qe3 b5 19. Ncd2 Bb6 20. Qe2 d5 21. exd5
cxd5 22. Qf1 Qc7 23. Nb1 Bxf3 24. gxf3 Qd6 25. Nc3 a6 26. Qg2 Re6 27. f4 e4 28.
dxe4 Qxf4 29. exd5 Rxe1+ 30. Rxe1 Ba5 31. Qg3 Qxg3+ 32. fxg3 Bxc3 33. bxc3 Rxc3
34. Kf2 Kf8 35. Re3 Rxe3 36. Kxe3 Ke7 37. c4 bxc4 38. Bxc4 a5 39. a4 Kd6 40.
Kd4 Nd7 41. Bb5 Nb6 42. Bc6 f5 43. g4 f4 44. Ke4 f3 45. Kxf3 Nxd5 46. Bxd5 Kxd5
47. Kf4 Ke6 1/2-1/2

[Event "Open B Carnevale"]
[Site "Milano ITA"]
[Date "2015.02.22"]
[Round "6"]
[White "Zecchini, Diego"]
[Black "Vece, Luigi"]
[WhiteElo "1530"]
[BlackElo "1614"]
[Result "1-0"]
[PlyCount "111"]
[EventDate "2015.02.18"]

1. d4 Nf6 2. c4 e6 3. Nc3 Bb4 4. Qc2 O-O 5. Nf3 c5 6. dxc5 Bxc5 7. e3 Nc6 8. a3
d5 9. cxd5 Nxd5 10. Nxd5 Qxd5 11. Be2 e5 12. O-O Be7 13. Rd1 Qe6 14. Bc4 Qf6
15. e4 h6 16. b4 Bg4 17. Be2 Rac8 18. Qd2 Bxf3 19. Bxf3 Nd4 20. Qd3 Rfd8 21.
Bb2 Qf4 22. Bxd4 Rxd4 23. Qe2 Rcd8 24. Rxd4 Rxd4 25. Rd1 Rxd1+ 26. Qxd1 a5 27.
g3 Qg5 28. bxa5 Bxa3 29. Qb3 Qc1+ 30. Kg2 Bc5 31. Qxb7 Qc2 32. Qc8+ Kh7 33.
Qf5+ Kg8 34. Bh5 g6 35. Bxg6 fxg6 36. Qxg6+ Kf8 37. Qxh6+ Ke7 38. Qg7+ Ke6 39.
Qg6+ Kd7 40. Qf7+ Kc6 41. Qe8+ Kb7 42. Qxe5 Qxf2+ 43. Kh3 Ka6 44. Qf5 Qe3 45.
Qf4 Qe2 46. Qg4 Qb5 47. e5 Kxa5 48. e6 Qf1+ 49. Kh4 Be7+ 50. Kh5 Qb1 51. Qg6
Qb5+ 52. Kh6 Qf1 53. g4 Qf4+ 54. Kh7 Ka6 55. h4 Bxh4 56. e7+ 1-0

[Event "C.to Provinciale PR"]
[Site "Salsomaggiore Terme ITA"]
[Date "2015.03.20"]
[Round "1"]
[White "Bettini, Alessandro"]
[Black "Ferrari, Andrea"]
[WhiteElo "1794"]
[BlackElo "1392"]
[Result "1-0"]
[PlyCount "105"]
[EventDate "2015.03.20"]

1. d4 d5 2. Nf3 Nf6 3. b3 e6 4. Bb2 Be7 5. e3 O-O 6. Bd3 Nbd7 7. O-O c6 8. Nbd2
Re8 9. Re1 c5 10. c4 dxc4 11. Nxc4 cxd4 12. Bxd4 b5 13. Nce5 Nxe5 14. Nxe5 a6
15. Qf3 Qd5 16. Qxd5 Nxd5 17. Rac1 Bb7 18. Be4 Rac8 19. Nd3 Rxc1 20. Rxc1 Rc8
21. Rxc8+ Bxc8 22. Kf1 Nb4 23. Nxb4 Bxb4 24. Bc6 Kf8 25. Ke2 f6 26. f4 Ke7 27.
a4 Bd7 28. Bxd7 Kxd7 29. e4 Kc6 30. axb5+ axb5 31. g4 Bc5 32. Bb2 Bg1 33. h4
Kc5 34. Kd3 Bh2 35. Ba3+ b4 36. Bc1 Bg1 37. Bb2 Bh2 38. Bd4+ Kb5 39. Be3 Bg3
40. h5 e5 41. f5 Bh4 42. h6 gxh6 43. Bxh6 Kc5 44. Be3+ Kb5 45. Ke2 Kc6 46. Kf3
Kd6 47. Bh6 Be1 48. Ke2 Bg3 49. Bf8+ Kd7 50. Bxb4 Kc6 51. Bd2 Kb5 52. g5 fxg5
53. f6 1-0